00472nam a22001697a 450000500170000001000150001702000260003203500140005803700090007208200090008110000210009024500670011125000060017826000340018427000640021830000200028220250724155707.0 aENG-146141 c225.00a9788119524907 aEN-129673 bDBAD aS21 aSulumeti, Philip aVisitors From Mars:bAnd Other Short Stories/cPhilip Sulumeti a1 aKolkatabExceller Booksc2024 aG1 Dream Apartment, Degree College Roadb Belgharia,Kolkata a79p. c22cm(pb)